<?xml version="1.0" encoding="UTF-8"?>
<record
    xmlns:xsi="http://www.w3.org/2001/XMLSchema-instance"
    xsi:schemaLocation="http://www.loc.gov/MARC21/slim http://www.loc.gov/standards/marcxml/schema/MARC21slim.xsd"
    xmlns="http://www.loc.gov/MARC21/slim">

  <leader>01716nam a22002177a 4500</leader>
  <controlfield tag="003">0</controlfield>
  <controlfield tag="005">20260402125649.0</controlfield>
  <datafield tag="020" ind1=" " ind2=" ">
    <subfield code="a">9788198188328</subfield>
  </datafield>
  <datafield tag="082" ind1=" " ind2=" ">
    <subfield code="a">CS 387.7 MOH</subfield>
  </datafield>
  <datafield tag="100" ind1=" " ind2=" ">
    <subfield code="a">Mohanka, Shiv Kumar</subfield>
    <subfield code="9">18738</subfield>
  </datafield>
  <datafield tag="100" ind1=" " ind2=" ">
    <subfield code="c">IPS</subfield>
    <subfield code="9">17739</subfield>
  </datafield>
  <datafield tag="100" ind1=" " ind2=" ">
    <subfield code="d">1992</subfield>
    <subfield code="9">18739</subfield>
  </datafield>
  <datafield tag="245" ind1=" " ind2=" ">
    <subfield code="a">Above and beyond : exploring the amazing world of aviation</subfield>
  </datafield>
  <datafield tag="260" ind1=" " ind2=" ">
    <subfield code="a">Chennai</subfield>
    <subfield code="b">Juris Press</subfield>
    <subfield code="c">2025</subfield>
  </datafield>
  <datafield tag="300" ind1=" " ind2=" ">
    <subfield code="a">454</subfield>
  </datafield>
  <datafield tag="520" ind1=" " ind2=" ">
    <subfield code="a">Dive into the fascinating world of modern aviation with 'Above and Beyond', a comprehensive guide that unveils the intricate workings of the flight industry. Author Shiv Kumar Mohanka masterfully explores crucial aspects including air traffic control systems, airline operations management, and contemporary airport design principles. This enlightening book delves deep into the strategic challenges of fleet management, weather forecasting's critical role, and the delicate balance between operational efficiency and passenger comfort. Whether you're an aviation professional seeking to broaden your knowledge, a student pursuing a career in aerospace, or simply an enthusiast captivated by the marvel of flight, this book offers valuable insights into the technological advancements and operational complexities that keep our skies busy. From ground operations to in-flight services, discover how various elements harmoniously work together in the dynamic aviation ecosystem. Published by Juris Press, this authoritative volume presents a thorough examination of modern aviation's multifaceted nature, making it an essential addition to any aviation enthusiast's library.</subfield>
  </datafield>
  <datafield tag="600" ind1=" " ind2=" ">
    <subfield code="c">Civil services</subfield>
    <subfield code="9">18740</subfield>
  </datafield>
  <datafield tag="650" ind1=" " ind2=" ">
    <subfield code="a">Air Transportation</subfield>
    <subfield code="9">18741</subfield>
  </datafield>
  <datafield tag="650" ind1=" " ind2=" ">
    <subfield code="a">Aviation</subfield>
    <subfield code="9">18742</subfield>
  </datafield>
  <datafield tag="942" ind1=" " ind2=" ">
    <subfield code="c">DB</subfield>
  </datafield>
  <datafield tag="952" ind1=" " ind2=" ">
    <subfield code="0">0</subfield>
    <subfield code="1">0</subfield>
    <subfield code="4">0</subfield>
    <subfield code="7">0</subfield>
    <subfield code="a">LBSNAA</subfield>
    <subfield code="b">LBSNAA</subfield>
    <subfield code="d">2026-04-02</subfield>
    <subfield code="g">650.00</subfield>
    <subfield code="l">0</subfield>
    <subfield code="o">CS 387.7 MOH</subfield>
    <subfield code="p">173413</subfield>
    <subfield code="r">2026-04-02</subfield>
    <subfield code="w">2026-04-02</subfield>
    <subfield code="y">DB</subfield>
    <subfield code="0"></subfield>
    <subfield code="x"></subfield>
    <subfield code="2"></subfield>
  </datafield>
  <datafield tag="999" ind1=" " ind2=" ">
    <subfield code="c">360709</subfield>
    <subfield code="d">360709</subfield>
  </datafield>
</record>
